000 00296nam a22001217a 4500
008 181022b xxu||||| |||| 00| 0 eng d
041 _aeng
080 _a316
100 _a50
101 _aSOC
245 _aRadical Reflection and the Origin of the Human Sciences
_cSchrag,C.O
942 _2udc
_cBK
999 _c50476
_d50476